Jannik Sinner Grand Slam Finals - Statistics

General Stats
  • This quiz has been taken 98 times
    33 since last reset
  • The average score is 6 of 6
Answer Stats
Result Final Answer % Correct
Won 2025 Australian Open Alexander Zverev
100%
Lost 2025 French Open Carlos Alcaraz
100%
Won 2025 Wimbledon Carlos Alcaraz
100%
Lost 2025 US Open Carlos Alcaraz
100%
Won 2024 Australian Open Daniil Medvedev
97%
Won 2024 US Open Taylor Fritz
76%
No matching quizzes found
Score Distribution
Percent of People with Each Score
Percentile by Number Answered
Your Score History
You have not taken this quiz since the last reset